Hilbert-Huang transform and its applications.
Gespeichert in:
| Weitere Verfasser: | |
|---|---|
| Format: | Unbekannt |
| Sprache: | Englisch |
| Veröffentlicht: |
Singapore, Singapore:
World Scientific,
2014
|
| Schriftenreihe: | Interdisciplinary Mathematical Sciences;
16 |
| Schlagworte: | |
| Tags: |
Tag hinzufügen
Keine Tags, Fügen Sie den ersten Tag hinzu!
|
MARC
| LEADER | 00000 a2200000 4500 | ||
|---|---|---|---|
| 003 | CL-VaPUC | ||
| 005 | 20220309103858.0 | ||
| 008 | 220228b ||||| |||| 00| 0 eng d | ||
| 999 | |c 434411 |d 434409 | ||
| 020 | |a 978-981-4508-23-0 | ||
| 040 | |c Pontificia Universidad Católica de Valparaíso | ||
| 082 | |a 515.723 HUA 2014 |2 22 | ||
| 100 | |a Huang, Norden E. |9 865809 |e editor | ||
| 245 | |a Hilbert-Huang transform and its applications. | ||
| 260 | |a Singapore, Singapore: |b World Scientific, |c 2014 | ||
| 300 | |a 386 páginas | ||
| 490 | |a Interdisciplinary Mathematical Sciences; |v 16 | ||
| 583 | |k Cristina María Rojas Aguilar |c 20220228 | ||
| 650 | |a Transformada de Hilbert-Huang |9 866661 | ||
| 650 | |a Descomposición (Matemáticas) |9 866662 | ||
| 942 | |2 ddc |c BK | ||
| 952 | |0 0 |1 0 |2 ddc |4 0 |6 515_723000000000000_HUA_2014 |7 0 |8 A |9 581418 |a BIBING |b BIBING |c GEN |d 2022-02-24 |e 74 |g 120169.00 |i 563931K |o 515.723 HUA 2014 |p 563931K |r 2025-01-20 |t 2 |v 120169.00 |w 2022-02-24 |y BK |k CCI | ||
| 952 | |0 0 |1 0 |2 ddc |4 0 |6 515_723000000000000_HUA_2014 |7 0 |8 A |9 581419 |a BIBING |b BIBING |c GEN |d 2022-02-24 |e 74 |g 120169.00 |i 5639301 |o 515.723 HUA 2014 |p 5639301 |r 2025-01-20 |t 1 |v 120169.00 |w 2022-02-24 |y BK |k CCI | ||